| 000 | 01002nam a2200229Ia 4500 | ||
|---|---|---|---|
| 003 | OSt | ||
| 005 | 20241004143559.0 | ||
| 007 | ca aa aaaaa | ||
| 008 | 201103s9999 xx 000 0 und d | ||
| 040 | _cSSBUL | ||
| 041 | _abur | ||
| 082 |
_a၂၉၄.၃၀၉၂ _bမြတ် |
||
| 100 | 0 |
_aမြတ်ပွင့်ဖြူ _916268 |
|
| 245 | 1 | 0 |
_aဂဠုန်တောင်မှကုံလုံဆရာတော်ဘုရားကြီး၏ထေရုပ္ပတ္တိအကျဉ်း / _cမြတ်ပွင့်ဖြူ ။ |
| 260 |
_aရန်ကုန် ၊ _bစစ်သည်တော်စာပေ ၊ _c၁၉၉၀ ။ |
||
| 300 |
_a၄၆ စာမျက်နှာ ၊ _bပုံများ၊ _c၁၇ စင်တီ ။ |
||
| 500 | _aS-SAT: Prof. Dr. Sai Aung Tun | ||
| 650 |
_aကုံလုံဆရာတော်ဘုရားကြီး _xထေရုပ္ပတ္တိ _954882 |
||
| 942 |
_cBK _2ddc |
||
| 942 | _2ddc | ||
| 942 | _2ddc | ||
| 999 |
_c15025 _d15025 |
||